00446nam a2200145Ia 4500003000900000008004100009040003300050041000800083080001400091100002400105245007700129246004200206260003700248300001500285LK-CoDNM010623t2012 xxu||||| |||| 00| 1 sin d aLK-CoDNMdLK-CoDNMeLK-CoDNM asin a294.3 NAN aNanda himi,Payagala aභාවනා වඩන හැටි (විවිධ භාවනා) aBhawana Wadana Hati (Vividha Bhawana) bSamadhi PadanamaaKadawatac2012 b155, 21 cm